Zdravotné poistenie

Gespeichert in:
Bibliographische Detailangaben
1. Verfasser: Kováč, Eduard
Körperschaft: Ekonomická univerzita v Bratislave. Národohospodárska fakulta
Format: Buch
Sprache:Slowakisch
Veröffentlicht: Bratislava Vydavateľstvo EKONÓM 2006
Schlagworte:
Tags: Tag hinzufügen
Keine Tags, Fügen Sie das erste Tag hinzu!

MARC

LEADER 00000nam$a2200000$$$4500
001 0050330
005 20240223112519.7
020 |a 80-225-2248-1 
041 0 |a slo 
044 |a SK 
245 1 0 |a Zdravotné poistenie  |c Eduard Kováč 
264 1 |a Bratislava  |b Vydavateľstvo EKONÓM  |c 2006 
300 |a 63 s. 
610 2 0 |a poistenie zdravotné 
610 2 0 |a zdravotníctvo 
610 2 0 |a financovanie 
610 2 0 |a poisťovne zdravotné 
610 2 0 |a starostlivosť zdravotná 
610 2 0 |a nákup 
610 2 0 |a riadenie 
610 2 0 |a Slovensko 
100 1 |a Kováč, Eduard 
710 2 |a Ekonomická univerzita v Bratislave. Národohospodárska fakulta